000 00338nam a2200145Ia 4500
008 230718s9999 xx 000 0 und d
041 _aEng.
082 _a340
_bKHO-P
100 _aKhokhar Anwar,M
245 0 _aPakitan law Digest
260 _aPakistan
_bSupreme court publisher
_c2017
300 _a744
650 _aLaw
999 _c31474
_d31474